[Event "Women's World Rapid Championship 2012"]
[Site "Batumi GEO"]
[Date "2012.06.03"]
[Round "10.25"]
[White "Bezgodova, Svetlana"]
[Black "Umudova, Nargiz"]
[Result "1-0"]
[WhiteTitle "WIM"]
[BlackTitle "WIM"]
[WhiteElo "2120"]
[BlackElo "2231"]
[WhiteFideId "4110650"]
[BlackFideId "13402137"]
[EventDate "2012.05.31"]

1. Nf3 Nf6 2. g3 g6 3. b3 Bg7 4. Bb2 d6 5. d4 O-O 6. Bg2 Nbd7 7. O-O e5 8. dxe5
Ng4 9. Qd2 Ngxe5 10. c4 Nxf3+ 11. Bxf3 Ne5 12. Bg2 f6 13. Nc3 c6 14. Rad1 Nf7
15. Ne4 Re8 16. e3 Bg4 17. Rc1 f5 18. Bxg7 fxe4 19. Bb2 Bf3 20. Bxf3 exf3 21.
Qd4 Ne5 22. h3 Re6 23. Rfd1 Qf8 24. Qh4 Qf5 25. Bxe5 Qxe5 26. Rd4 Rf8 27. Rcd1
Rf5 28. Qd8+ Rf8 29. Qc7 Rff6 30. Qxb7 g5 31. Qxc6 Rh6 32. Qxf3 Rxh3 33. Rd5 Qg7
34. Rxd6 Re8 35. Qd5+ Kh8 36. Qd4 Qxd4 37. R1xd4 Re5 38. Rd7 a5 39. Ra7 Re8 40.
Rxa5 h6 41. Ra7 h5 42. Kg2 g4 43. c5 h4 44. Rxg4 1-0

[Event "Women's World Rapid Championship 2012"]
[Site "Batumi GEO"]
[Date "2012.06.03"]
[Round "11.3"]
[White "Tan, Zhongyi"]
[Black "Koneru, Humpy"]
[Result "0-1"]
[WhiteTitle "WGM"]
[BlackTitle "GM"]
[WhiteElo "2430"]
[BlackElo "2589"]
[WhiteFideId "8603642"]
[BlackFideId "5008123"]
[EventDate "2012.05.31"]

1. d4 d5 2. c4 e6 3. Nf3 Nf6 4. Nc3 Bb4 5. cxd5 exd5 6. Bg5 h6 7. Bh4 c5 8. e3
c4 9. Be2 O-O 10. O-O g5 11. Bg3 Bxc3 12. bxc3 Ne4 13. Rc1 Qa5 14. Qc2 Bf5 15.
Qb2 Qb6 16. Qa3 Qe6 17. Qb2 Nd7 18. Nd2 Nxg3 19. hxg3 Nf6 20. Rfe1 Qb6 21. Qxb6
axb6 22. e4 Rxa2 23. Nxc4 Nxe4 24. Ne3 Be6 25. c4 dxc4 26. d5 Bd7 27. Bxc4 Rd2
28. Ng4 Bxg4 29. Rxe4 Bf5 30. Re5 Bg6 31. Re2 Rd4 32. Bb3 Ra8 33. Kh2 Ra3 34.
Rc4 Rxc4 35. Bxc4 Ra4 36. d6 Bf5 37. Bb5 Rd4 38. Re8+ Kg7 39. d7 Bxd7 40. Rd8
Rd5 41. Bxd7 b5 42. g4 b4 43. Rc8 Rxd7 44. Rc4 b3 45. Rb4 Rd3 46. Rb6 Kf8 47.
Rxb7 Ke8 48. f3 Kd8 49. Rxf7 Rd7 50. Rf8+ Kc7 51. Rf5 Kc6 52. Rf6+ Kc5 53. Rf8
Rb7 54. Rc8+ Kb4 0-1

[Event "Women's World Rapid Championship 2012"]
[Site "Batumi GEO"]
[Date "2012.06.03"]
[Round "11.5"]
[White "Javakhishvili, Lela"]
[Black "Dzagnidze, Nana"]
[Result "1/2-1/2"]
[WhiteTitle "IM"]
[BlackTitle "GM"]
[WhiteElo "2449"]
[BlackElo "2547"]
[WhiteFideId "13601458"]
[BlackFideId "13601903"]
[EventDate "2012.05.31"]

1. Nf3 c5 2. c4 Nc6 3. g3 g6 4. Bg2 Bg7 5. Nc3 d6 6. O-O Nh6 7. a3 O-O 8. Rb1 a5
9. d3 Nf5 10. Bd2 Bd7 11. Ne1 Rb8 12. Nc2 Nfd4 13. Nxd4 cxd4 14. Nb5 Ne5 15.
Nxd4 Nxd3 16. Nb3 Nxb2 17. Qc2 b5 18. Bxa5 Qc8 19. c5 Nc4 20. Bb4 Bf5 21. e4 Bh3
22. a4 Bxg2 23. Kxg2 bxa4 24. Qxc4 axb3 25. c6 b2 26. Bc3 Bxc3 27. Qxc3 Rb6 28.
Rxb2 Rxb2 29. Qxb2 Qxc6 30. Qd4 Ra8 31. Rb1 f5 32. Rb4 Ra2 33. Rb8+ Kf7 34. Rh8
Qxe4+ 35. Qxe4 fxe4 36. Rxh7+ Kf6 37. Kf1 d5 38. Rh8 d4 39. Rd8 e3 40. fxe3 dxe3
41. Rd3 Rxh2 42. Rxe3 e5 43. Ra3 Kf5 44. Ra5 Rd2 45. Ke1 Rg2 46. Ra3 e4 47. Kf1
Rd2 48. Ra4 g5 49. Kg1 Ke5 50. Ra5+ Rd5 51. Ra4 Rb5 52. Kf2 Rb2+ 53. Ke3 Rb3+
54. Kf2 Rf3+ 55. Kg2 Rd3 56. Kf2 Kf5 57. Rb4 Rd2+ 58. Kf1 Ra2 59. Kg1 Rd2 60.
Ra4 Rc2 61. Rb4 Ra2 62. Rc4 Ke5 63. Rc5+ Kd4 64. Rxg5 e3 65. Kf1 Kd3 66. Rd5+
Ke4 67. Rd8 Kf3 68. Rf8+ Kxg3 69. Ke1 Rb2 70. Rf7 1/2-1/2

[Event "Women's World Rapid Championship 2012"]
[Site "Batumi GEO"]
[Date "2012.06.03"]
[Round "11.6"]
[White "Zhukova, Natalia"]
[Black "Zhao, Xue"]
[Result "1/2-1/2"]
[WhiteTitle "GM"]
[BlackTitle "GM"]
[WhiteElo "2442"]
[BlackElo "2549"]
[WhiteFideId "14101513"]
[BlackFideId "8601283"]
[EventDate "2012.05.31"]

1. d4 Nf6 2. Nf3 b5 3. e3 a6 4. c4 bxc4 5. Bxc4 d5 6. Bd3 e6 7. O-O c5 8. b3 Bd6
9. Ba3 cxd4 10. Bxd6 Qxd6 11. exd4 O-O 12. Nc3 Nc6 13. Rc1 Bd7 14. Re1 Rfc8 15.
Bb1 Ne7 16. Ne5 Be8 17. h4 Rc7 18. Qd2 Rac8 19. Ne2 Ne4 20. Bxe4 dxe4 21. Nc4
Qd8 22. h5 h6 23. Ng3 Bb5 24. Nxe4 Bxc4 25. bxc4 Rxc4 26. Rcd1 Nf5 27. Qf4 Rxd4
28. Rxd4 Nxd4 29. Nd6 Rc6 30. Qxf7+ Kh8 31. Ne8 Qg5 32. Rd1 e5 33. Nd6 Qf6 34.
Qe8+ Kh7 35. Nf7 Ne2+ 36. Kf1 Ng3+ 37. Kg1 Nxh5 38. Nxe5 Re6 39. Qxh5 Rxe5 40.
Qh3 Qg6 41. Qc3 Re2 42. a3 Qf5 43. Qg3 Ra2 44. Rc1 Rd2 45. Qe3 Rd3 46. Qe7 Rd2
47. Qe3 Rd3 48. Qe7 Rb3 49. Re1 a5 50. Re3 a4 51. Rg3 Rxg3 52. fxg3 Qd3 53. Kh2
Qf5 54. Qb4 Qd7 55. Qf8 Kg6 56. Kg1 Qd4+ 57. Kh2 Kg5 58. Qe7+ Kf5 59. Kh3 h5 60.
Kh2 Kg6 61. Qe6+ Kh7 62. Qf5+ Kh6 63. Qe6+ g6 64. Qe7 Qc4 65. Qf6 Qe4 66. Qf7
Kg5 67. Qf8 Qd4 68. Qf7 Qe5 69. Qf8 Qc7 70. Qb4 Kf5 71. Qxa4 g5 72. Qb5+ Kg6 73.
Qd3+ Kf6 74. Qf3+ Kg6 75. Qe4+ Kf6 76. Qf3+ Kg6 77. Qd3+ Kf6 78. Qf3+ 1/2-1/2

[Event "Women's World Rapid Championship 2012"]
[Site "Batumi GEO"]
[Date "2012.06.03"]
[Round "11.7"]
[White "Paehtz, Elisabeth"]
[Black "Huang, Qian"]
[Result "1-0"]
[WhiteTitle "IM"]
[BlackTitle "WGM"]
[WhiteElo "2491"]
[BlackElo "2417"]
[WhiteFideId "4641833"]
[BlackFideId "8602689"]
[EventDate "2012.05.31"]

1. e4 d6 2. d4 e5 3. Ne2 g6 4. Nbc3 Bg7 5. dxe5 dxe5 6. Qxd8+ Kxd8 7. b3 c6 8.
Ba3 Ke8 9. O-O-O Nd7 10. h4 h5 11. g3 Bf8 12. Bb2 Ngf6 13. Bh3 Ng4 14. Rdf1 Nc5
15. f3 Nf6 16. Bxc8 Rxc8 17. Nd1 Nfd7 18. Kb1 Bh6 19. Nf2 Be3 20. Nc1 Ne6 21.
Nfd3 Bd4 22. c3 Bb6 23. Ne2 Rd8 24. Kc2 Nec5 25. Nec1 f6 26. Ba3 Kf7 27. Nb2 Bc7
28. Ncd3 Bd6 29. Nc4 Be7 30. Nxc5 Nxc5 31. b4 Ne6 32. f4 b5 33. Na5 exf4 34.
gxf4 Rc8 35. f5 gxf5 36. exf5 Nc7 37. Nxc6 Nd5 38. Nxe7 Kxe7 39. Rh3 Kf7 40. Rd3
Nb6 41. Bc1 Rhd8 42. Rxd8 Rxd8 43. Be3 Nc4 44. Bh6 Rg8 45. Kd3 Rg4 46. Rf4 Rg3+
47. Kd4 Ne5 48. Re4 a6 49. Be3 Rg2 50. Kc5 Re2 51. Kd5 Rxa2 52. Bd4 Ng4 53. Re6
Ra1 54. Rb6 Rf1 55. Rxa6 Rxf5+ 56. Kc6 Ne5+ 57. Kxb5 Nf3+ 58. Kc4 Nxh4 59. b5
Ke7 60. b6 Kd7 61. Ra7+ Kc8 62. Rh7 Nf3 63. Bc5 Nd2+ 64. Kb4 Ne4 65. Bg1 Nd6 66.
c4 Rf1 67. Rc7+ Kb8 68. Bh2 Rb1+ 69. Kc5 Nb7+ 70. Kc6 Na5+ 71. Kd5 Rb2 72. Ra7+
Kc8 73. Rxa5 Rxb6 74. Ra8+ Kd7 75. Rh8 Rb2 76. Rh7+ Ke8 77. Rxh5 Kf7 78. Bd6 Kg6
79. Rh2 1-0

[Event "Women's World Rapid Championship 2012"]
[Site "Batumi GEO"]
[Date "2012.06.03"]
[Round "11.10"]
[White "Cramling, Pia"]
[Black "Arakhamia-Grant, Ketevan"]
[Result "1-0"]
[WhiteTitle "GM"]
[BlackTitle "GM"]
[WhiteElo "2478"]
[BlackElo "2426"]
[WhiteFideId "1700030"]
[BlackFideId "13600168"]
[EventDate "2012.05.31"]

1. d4 Nf6 2. Nf3 g6 3. c4 Bg7 4. Nc3 O-O 5. e4 d6 6. h3 Nbd7 7. Bg5 e5 8. d5 a5
9. Be2 Nc5 10. Nd2 c6 11. Rb1 Bd7 12. O-O h6 13. Be3 cxd5 14. cxd5 Rc8 15. a3 b5
16. b4 Nd3 17. Bxd3 Rxc3 18. Rb3 axb4 19. axb4 Qc8 20. Be2 Nh7 21. Rxc3 Qxc3 22.
Qa1 Rc8 23. Qa7 Nf8 24. Qb6 f5 25. exf5 gxf5 26. Bxb5 f4 27. Ne4 Qxb4 28. Bxd7
Qxb6 29. Be6+ Nxe6 30. Bxb6 Nd4 31. Nxd6 Ne2+ 32. Kh2 Rc2 33. Ne4 Kf7 34. Ra1
Bf8 35. Ra7+ Kg6 36. d6 Bxd6 37. Nxd6 Rc6 38. Bc7 Nc3 39. Ba5 Nd1 40. Ne4 Kf5
41. f3 Ne3 42. Bd2 Rc2 43. Ra6 Nd5 44. Rd6 1-0

[Event "Women's World Rapid Championship 2012"]
[Site "Batumi GEO"]
[Date "2012.06.03"]
[Round "11.11"]
[White "Pogonina, Natalija"]
[Black "Guo, Qi"]
[Result "0-1"]
[WhiteTitle "WGM"]
[BlackTitle "WGM"]
[WhiteElo "2447"]
[BlackElo "2360"]
[WhiteFideId "4147855"]
[BlackFideId "8604002"]
[EventDate "2012.05.31"]

1. e4 c6 2. d4 d5 3. e5 Bf5 4. Nf3 e6 5. Be2 Ne7 6. c3 Bg6 7. O-O Nf5 8. Nbd2
Be7 9. Nb3 Nd7 10. g4 Nh4 11. Nxh4 Bxh4 12. f4 f5 13. exf6 Bxf6 14. Be3 O-O 15.
Nd2 c5 16. dxc5 Qc7 17. Nb3 a5 18. a4 Be7 19. Nd4 Bxc5 20. Qd2 Rae8 21. Bf3 Kh8
22. Kh1 Nf6 23. Nb5 Bxe3 24. Qxe3 Qb8 25. Rae1 Ne4 26. Bg2 Qd8 27. Kg1 Nf6 28.
g5 Ne4 29. h4 Qb8 30. c4 b6 31. Nd4 Nc5 32. Nc6 Qd6 33. Ne5 d4 34. Rd1 dxe3 35.
Rxd6 Bh5 36. Re1 e2 37. g6 Rxf4 38. gxh7 Kxh7 39. Rxb6 Rd8 0-1

[Event "Women's World Rapid Championship 2012"]
[Site "Batumi GEO"]
[Date "2012.06.03"]
[Round "11.12"]
[White "Mkrtchian, Lilit"]
[Black "Batsiashvili, Nino"]
[Result "1-0"]
[WhiteTitle "IM"]
[BlackTitle "WGM"]
[WhiteElo "2449"]
[BlackElo "2436"]
[WhiteFideId "13300601"]
[BlackFideId "13602993"]
[EventDate "2012.05.31"]

1. Nf3 f5 2. b3 d6 3. d4 Nf6 4. Bb2 g6 5. e3 Bg7 6. Bc4 e6 7. O-O O-O 8. Nbd2 h6
9. Qe2 Kh7 10. Bd3 Nc6 11. c4 Nh5 12. e4 Nf4 13. Qe3 e5 14. Bc2 fxe4 15. Bxe4
Nxd4 16. Nxd4 exd4 17. Qe1 Qg5 18. g3 Bh3 19. Bxb7 Nd3 20. Ne4 Qf5 21. Qd2 Nxb2
22. Qxb2 Rae8 23. f3 d3 24. Qf2 Bxf1 25. Rxf1 Qe5 26. Rd1 c5 27. Kg2 Qe7 28. Bd5
Bd4 29. Qd2 Rf5 30. Qxd3 Ref8 31. Rf1 Qd7 32. Qd2 Rh5 33. g4 Re5 34. b4 Qe7 35.
b5 Qh4 36. a4 Re7 37. Qe1 Qxe1 38. Rxe1 Be5 39. a5 Kg7 40. a6 Rb8 41. Rd1 Rc7
42. Rb1 Kf8 43. Rf1 Bf4 44. Nc3 Bd2 45. Ne4 Bf4 46. h4 Re7 47. Bc6 Kg7 48. Rd1
Kf8 49. Kf2 Rc7 50. Nf6 Kg7 51. Ne8+ Rxe8 52. Bxe8 Kf8 53. Bxg6 Ke7 54. Be4 Kf6
55. Ra1 Be5 56. Ra2 Bd4+ 57. Kg3 d5 58. Bxd5 Be5+ 59. f4 Bd6 60. b6 Re7 61. bxa7
Rxa7 62. Bb7 Ke7 1-0

[Event "Women's World Rapid Championship 2012"]
[Site "Batumi GEO"]
[Date "2012.06.03"]
[Round "11.13"]
[White "Muzychuk, Mariya"]
[Black "Gunina, Valentina"]
[Result "0-1"]
[WhiteTitle "IM"]
[BlackTitle "IM"]
[WhiteElo "2456"]
[BlackElo "2530"]
[WhiteFideId "14114550"]
[BlackFideId "4167570"]
[EventDate "2012.05.31"]

1. e4 c6 2. d4 d5 3. Nc3 dxe4 4. Nxe4 Bf5 5. Ng3 Bg6 6. Nh3 e6 7. Nf4 Bd6 8.
Ngh5 Bxh5 9. Nxh5 g6 10. Ng3 Nd7 11. Ne4 Be7 12. Bf4 Ngf6 13. Nd6+ Bxd6 14. Bxd6
Qa5+ 15. c3 Qd5 16. Bg3 O-O 17. Qd3 Rfe8 18. f4 c5 19. dxc5 Nxc5 20. Qxd5 exd5+
21. Kd2 d4 22. cxd4 Rad8 23. Bb5 Rxd4+ 24. Kc2 Rc8 25. Rad1 Rb4 26. Bd3 Nce4+
27. Kb1 Nc3+ 28. Ka1 Nxd1 29. Rxd1 Rd4 0-1

[Event "Women's World Rapid Championship 2012"]
[Site "Batumi GEO"]
[Date "2012.06.03"]
[Round "11.16"]
[White "Danielian, Elina"]
[Black "Matnadze, Ana"]
[Result "1-0"]
[WhiteTitle "GM"]
[BlackTitle "IM"]
[WhiteElo "2484"]
[BlackElo "2446"]
[WhiteFideId "13300210"]
[BlackFideId "13601377"]
[EventDate "2012.05.31"]

1. d4 Nf6 2. Nf3 e6 3. e3 b6 4. Bd3 Bb7 5. O-O Be7 6. c4 d5 7. Nc3 O-O 8. b3 c5
9. dxc5 bxc5 10. Bb2 Nbd7 11. cxd5 exd5 12. Qe2 Re8 13. Rfd1 d4 14. Na4 Bd6 15.
Ba6 Bc6 16. Bb5 Bb7 17. Rac1 Rc8 18. Ba6 Bxa6 19. Qxa6 Re6 20. Qd3 Nd5 21. g3
Nb4 22. Qf1 dxe3 23. fxe3 Nxa2 24. Rc4 Qe7 25. Nd4 Ne5 26. Nf5 Qf6 27. Rf4 Rd8
28. Nxc5 Bxc5 29. Nh6+ Qxh6 30. Rxd8+ Bf8 31. Ba3 Ng6 32. Qc4 Qh3 33. Qc8 h5 34.
Rxf8+ Nxf8 35. Qxf8+ Kh7 36. Bb2 f6 37. Qc8 Kg6 38. Re4 Kf7 39. Qd7+ Re7 40.
Rxe7+ 1-0

[Event "Women's World Rapid Championship 2012"]
[Site "Batumi GEO"]
[Date "2012.06.03"]
[Round "11.17"]
[White "Mammadova, Gulnar"]
[Black "Khukhashvili, Sopiko"]
[Result "0-1"]
[WhiteTitle "WIM"]
[BlackTitle "IM"]
[WhiteElo "2345"]
[BlackElo "2414"]
[WhiteFideId "13403508"]
[BlackFideId "13602055"]
[EventDate "2012.05.31"]

1. e4 c5 2. Nf3 d6 3. d4 cxd4 4. Qxd4 a6 5. c4 Nc6 6. Qd2 g6 7. b3 Bg7 8. Bb2
Nf6 9. Nc3 O-O 10. h3 Qa5 11. Bd3 Nd7 12. a3 e6 13. O-O Qc7 14. Bc2 Nde5 15. Ne1
f5 16. f4 Qb6+ 17. Kh1 Nxc4 18. Qc1 Nxb2 19. Qxb2 fxe4 20. Rd1 Qc5 21. Bxe4 Bxc3
22. Qb1 Ne7 23. b4 Qb6 24. Nd3 d5 25. Nc5 dxe4 26. Nxe4 Bg7 27. Rd6 Qb5 28. Rfd1
Nd5 29. Qb3 Nxf4 30. Ng3 Qe5 31. Rd8 Rxd8 32. Rxd8+ Kf7 33. Qa4 b5 34. Qc2 Nd5
35. Qf2+ Qf4 36. Qe1 Bc3 0-1

[Event "Women's World Rapid Championship 2012"]
[Site "Batumi GEO"]
[Date "2012.06.03"]
[Round "11.18"]
[White "Cori T., Deysi"]
[Black "Purtseladze, Maka"]
[Result "1/2-1/2"]
[WhiteTitle "WGM"]
[BlackTitle "IM"]
[WhiteElo "2386"]
[BlackElo "2348"]
[WhiteFideId "3801934"]
[BlackFideId "13602659"]
[EventDate "2012.05.31"]

1. d4 Nf6 2. Nf3 e6 3. e3 c5 4. Bd3 b6 5. c4 Bb7 6. Nc3 cxd4 7. exd4 Be7 8. O-O
O-O 9. d5 Bb4 10. Ne4 Nxe4 11. Bxe4 f5 12. Bc2 Na6 13. Nd4 Nc7 14. Bf4 Re8 15.
d6 Na6 16. Nf3 Bc5 17. a3 Bxf3 18. Qxf3 Bd4 19. b4 Bxa1 20. Rxa1 Rc8 21. Re1 Nb8
22. Qe3 Rxc4 23. Bg5 Qc8 24. Bxf5 Rf8 25. Bb1 Rc2 26. Bxc2 Qxc2 27. Rc1 Qf5 28.
Be7 Re8 29. Qf3 a6 30. Qb7 Qd5 31. Qxb6 Nc6 32. Qxa6 Nxe7 33. dxe7 Kf7 34. h3
Kxe7 35. Qe2 Ra8 36. Qe3 h6 37. Qc3 Kf7 38. Qg3 g5 39. Rc5 Qe4 40. Rc7 Ke7 41.
Qc3 e5 42. Qc5+ Ke6 43. b5 d6 44. Qc3 Qb1+ 45. Kh2 Qxb5 46. Qf3 Qe8 47. Qb3+ Kf6
48. Qf3+ Ke6 49. Qg4+ Kf6 50. Rh7 Qf8 51. a4 Re8 52. Qh5 Ke6 53. Rxh6+ Kd7 54.
Qg4+ Kc6 55. Qc4+ Kd7 56. Qb5+ Kd8 57. Qb8+ Kd7 58. Qb7+ Kd8 59. Qb8+ Kd7 60.
Rh7+ Ke6 61. Qb3+ Kf6 62. Qf3+ Ke6 63. Qg4+ Kd5 64. Qd1+ Ke6 65. Qb3+ Kf6 66. a5
Kg6 67. Qc2+ e4 68. Rc7 Qf4+ 69. Kg1 g4 70. h4 g3 71. fxg3 Qxg3 72. Qf2 Qxf2+
73. Kxf2 Ra8 74. Rc4 Kf5 75. Ra4 Ra6 76. Ke3 d5 77. h5 Kg5 78. Kd4 Kxh5 79. Kxd5
e3 80. Kc4 e2 81. Ra1 Kg4 82. Kb5 Re6 83. Re1 Kg3 84. a6 Kf2 85. a7 Re8 86.
Rxe2+ Kxe2 87. Kc6 Ke3 88. Kb7 Kf4 1/2-1/2

[Event "Women's World Rapid Championship 2012"]
[Site "Batumi GEO"]
[Date "2012.06.03"]
[Round "11.19"]
[White "Mikadze, Miranda"]
[Black "Ding, Yixin"]
[Result "1/2-1/2"]
[WhiteTitle "WIM"]
[BlackTitle "WGM"]
[WhiteElo "2323"]
[BlackElo "2353"]
[WhiteFideId "13603108"]
[BlackFideId "8602972"]
[EventDate "2012.05.31"]

1. e4 c5 2. c3 d5 3. exd5 Qxd5 4. d4 Nf6 5. Nf3 e6 6. Na3 Be7 7. Nb5 Qd8 8. dxc5
Bxc5 9. Qxd8+ Kxd8 10. Bf4 Nd5 11. Bg3 Nc6 12. Rd1 Ke7 13. Bc4 a6 14. Nbd4 Nxd4
15. Nxd4 Rd8 16. Bb3 Bd6 17. Bxd5 exd5 18. Bxd6+ Rxd6 19. Kd2 Be6 20. Rhe1 Kd7
21. f4 g6 22. Re5 Rc8 23. f5 gxf5 24. Nxf5 Rb6 25. Kc1 Rg8 26. Ne3 Rd6 27. g3 d4
28. Nf5 Bxf5 29. Rxf5 Ke6 30. Rdf1 dxc3 31. Rf6+ Ke5 32. R1f5+ Ke4 33. Rf4+ Ke5
34. R6f5+ Ke6 35. Rf6+ Ke5 36. R6f5+ Ke6 37. Rf6+ Ke5 38. R6f5+ Ke6 39. bxc3 Rc8
40. Kc2 b5 41. Rf6+ Ke5 42. Rxf7 Rh6 43. h4 Rg8 44. Rf3 Rhg6 45. Rxh7 Rxg3 46.
Re7+ Kd5 47. Rxg3 Rxg3 48. Kb3 a5 49. Rd7+ Kc6 50. Rd8 Rh3 51. Rc8+ Kb7 52. Rc5
Kb6 53. Rh5 b4 54. Rh6+ Kc5 55. Rh5+ Kb6 56. Rh6+ Kc5 1/2-1/2

[Event "Women's World Rapid Championship 2012"]
[Site "Batumi GEO"]
[Date "2012.06.03"]
[Round "11.20"]
[White "Kovalevskaya, Ekaterina"]
[Black "Arabidze, Meri"]
[Result "1/2-1/2"]
[WhiteTitle "IM"]
[BlackTitle "WIM"]
[WhiteElo "2417"]
[BlackElo "2351"]
[WhiteFideId "4116704"]
[BlackFideId "13604040"]
[EventDate "2012.05.31"]

1. Nf3 c5 2. c4 Nf6 3. Nc3 Nc6 4. d4 cxd4 5. Nxd4 a6 6. e4 d6 7. Be2 e6 8. O-O
Be7 9. Be3 O-O 10. f4 Bd7 11. Bf3 Rc8 12. Nde2 Na5 13. b3 b5 14. e5 Ne8 15. cxb5
axb5 16. a4 bxa4 17. Nxa4 Rb8 18. Nd4 d5 19. Qd3 Nc7 20. Rfc1 Nb5 21. Bd1 Nxd4
22. Bxd4 Nc6 23. Bf2 Nb4 24. Qd2 Bb5 25. Nc5 Nc6 26. Bf3 Ra8 27. Na4 Nb4 28. Be2
Bxe2 29. Qxe2 d4 30. Qe4 d3 31. Rd1 Rc8 32. Nb2 Rc3 33. Be1 Rxb3 34. Nc4 Bc5+
35. Kh1 Qd4 36. Qxd4 Bxd4 37. Ra3 Rxa3 38. Nxa3 Nc2 39. Rxd3 Nxa3 40. Rxa3 Rc8
41. g3 h5 42. Rd3 Bb6 43. Kg2 Rc1 44. Bf2 Rc2 45. Rf3 g6 46. Kf1 Rc1+ 47. Kg2
Rc2 48. Kf1 Rc1+ 49. Kg2 Rc2 1/2-1/2

[Event "Women's World Rapid Championship 2012"]
[Site "Batumi GEO"]
[Date "2012.06.03"]
[Round "11.21"]
[White "Lomineishvili, Maia"]
[Black "Janjghava, Natia"]
[Result "1-0"]
[WhiteTitle "IM"]
[BlackTitle "WIM"]
[WhiteElo "2366"]
[BlackElo "2306"]
[WhiteFideId "13600656"]
[BlackFideId "13600389"]
[EventDate "2012.05.31"]

1. e4 c5 2. Nf3 e6 3. b3 Nc6 4. Bb2 d6 5. Bb5 Bd7 6. O-O Nf6 7. Bxc6 Bxc6 8. e5
dxe5 9. Nxe5 Qd5 10. Nxc6 Qxc6 11. d3 Be7 12. Nd2 O-O 13. Nc4 b5 14. Ne5 Qc7 15.
f4 Rfe8 16. Qf3 Nd7 17. Rae1 Bf6 18. Qh5 g6 19. Qh3 c4 20. dxc4 bxc4 21. Rf2
cxb3 22. cxb3 Nb6 23. Rc1 Qb7 24. Ng4 Bxb2 25. Rxb2 Nd5 26. Rd2 Qb6+ 27. Kh1
Rac8 28. Rcd1 f5 29. Ne5 Nxf4 30. Qh4 Nh5 31. Qg5 Qb4 32. Rd7 Qf4 33. Qxf4 Nxf4
34. Rxa7 Red8 35. Rxd8+ Rxd8 36. Nd7 Kf7 37. g3 Nd5 38. a4 Ne7 39. b4 Nc8 40.
Rc7 Ke7 41. Nc5+ Kf6 42. a5 e5 43. b5 e4 44. Kg2 g5 45. b6 Rd2+ 46. Kf1 Nd6 47.
b7 Rb2 48. a6 Rb1+ 49. Ke2 Rb2+ 50. Kd1 e3 51. Rc6 e2+ 52. Ke1 Ke7 53. Rxd6 1-0

[Event "Women's World Rapid Championship 2012"]
[Site "Batumi GEO"]
[Date "2012.06.03"]
[Round "11.22"]
[White "Socko, Monika"]
[Black "Khotenashvili, Bela"]
[Result "1-0"]
[WhiteTitle "GM"]
[BlackTitle "IM"]
[WhiteElo "2484"]
[BlackElo "2500"]
[WhiteFideId "1106619"]
[BlackFideId "13602640"]
[EventDate "2012.05.31"]

1. d4 Nf6 2. c4 g6 3. d5 c5 4. Nc3 Bg7 5. e4 d6 6. f4 e5 7. dxe6 Bxe6 8. Nf3 Nc6
9. Be2 O-O 10. O-O Na5 11. Qa4 a6 12. e5 dxe5 13. fxe5 Nd7 14. Bg5 Qb6 15. Nd5
Bxd5 16. cxd5 Nxe5 17. Nxe5 Bxe5 18. Bd2 Qxb2 19. Rad1 Rae8 20. Kh1 Bd6 21. Bf3
b6 22. Bh6 Qb5 23. Qh4 Nc4 24. Rb1 Nb2 25. Bxf8 Bxf8 26. d6 Bxd6 27. Bd5 Be7 28.
Qf2 Rf8 29. Rxb2 Qd3 30. Rd2 Qc3 31. Re2 Bg5 32. Qg3 Qxg3 33. hxg3 b5 34. Ref2
Rd8 35. Bxf7+ Kg7 36. Be6 c4 37. Rf7+ Kh6 38. Rc7 Rd2 39. Kh2 Rxa2 40. Bg8 Be3
41. Rf3 Bd4 42. Rxh7+ Kg5 43. Rh4 Rd2 44. Rff4 Be5 45. Rhg4+ Kh6 46. Re4 Bf6 47.
Bf7 g5 48. Bxc4 bxc4 49. Rxc4 Rd6 50. Rge4 a5 51. Rc5 Ra6 52. Ra4 Bd8 53. Kh3
Kh5 54. g4+ Kg6 55. Rac4 Bf6 56. Rc6 Rxc6 57. Rxc6 Kf7 58. Kg3 Be7 59. Ra6 Bb4
60. Kf3 Ke7 61. Ke4 Kd7 62. Kd5 Kc7 63. Re6 Kb7 64. Kc4 Bd2 65. Kb5 Kc7 66. Re2
Bf4 67. Kxa5 Kd6 68. Kb5 Kd5 69. Re1 Kd4 70. Kc6 Kd3 71. Kd5 Kd2 72. Re6 Kd3 73.
Re8 Bg3 74. Rg8 Bf4 75. g3 Bd2 76. Ke5 Ke2 77. Kf5 Kf3 78. Rxg5 1-0

[Event "Women's World Rapid Championship 2012"]
[Site "Batumi GEO"]
[Date "2012.06.03"]
[Round "11.23"]
[White "Charkhalashvili, Inga"]
[Black "Bezgodova, Svetlana"]
[Result "1-0"]
[WhiteTitle "WGM"]
[BlackTitle "WIM"]
[WhiteElo "2334"]
[BlackElo "2120"]
[WhiteFideId "13601431"]
[BlackFideId "4110650"]
[EventDate "2012.05.31"]

1. d4 Nf6 2. Nf3 c6 3. e3 d6 4. b3 Nbd7 5. Bb2 Qc7 6. Be2 g6 7. c4 Bg7 8. Nbd2
O-O 9. O-O Re8 10. h3 e5 11. Qc2 e4 12. Ng5 d5 13. cxd5 Nxd5 14. Ngxe4 f5 15.
Ng5 N7f6 16. a3 h6 17. Ngf3 Be6 18. Bd3 Rad8 19. Ne5 Kh7 20. Rfe1 Nd7 21. Ndf3
Nxe5 22. Nxe5 Bxe5 23. dxe5 Qf7 24. Bd4 a6 25. b4 f4 26. Be4 Rf8 27. Bc5 Rg8 28.
Rad1 fxe3 29. fxe3 Qg7 30. Bd4 Rd7 31. Rf1 Rgd8 32. Rd2 Nc7 33. Rf6 Bf7 34. Rdf2
Ne6 35. Rxf7 Rxf7 36. Bxg6+ Qxg6 37. Rxf7+ Ng7 38. Qxg6+ Kxg6 39. Rxb7 h5 40.
Rb6 h4 41. Rxc6+ Kh5 42. e6 Nf5 43. Rxa6 Rc8 44. Ra5 Kg6 45. Rc5 Rf8 46. Rc1 Ng3
47. e7 Re8 48. Rc7 Kf7 49. Be5 Ra8 50. Rc4 Rxa3 51. Rxh4 Ne2+ 52. Kf2 Ra2 53.
Rh7+ Ke8 54. Bf6 Kd7 55. Rh8 Nd4+ 56. Kg1 1-0